[Event "XI Open"]
[Site "Crema ITA"]
[Date "2009.09.05"]
[Round "4"]
[White "Bonazzi, Edoardo"]
[Black "Quagliarella, Sabino Remo"]
[Result "1-0"]
[WhiteElo "2191"]
[BlackElo "1917"]
[PlyCount "69"]
[EventDate "2009.09.04"]

1. Nf3 d5 2. c4 e6 3. g3 Nf6 4. Bg2 c5 5. b3 Nc6 6. cxd5 exd5 7. O-O Be7 8. d4
O-O 9. Bb2 Be6 10. Nc3 Qd7 11. Ne5 Nxe5 12. dxe5 Ne8 13. Nxd5 Rd8 14. Nxe7+
Qxe7 15. Qc2 g6 16. e4 Nc7 17. f4 Rfe8 18. f5 gxf5 19. exf5 Bd5 20. Rf4 h5 21.
f6 Qf8 22. Rf5 Qh6 23. Bc1 Qh7 24. Rg5+ Kh8 25. Qe2 Bxg2 26. Kxg2 Ne6 27. Rxh5
Rd7 28. Rxh7+ Kxh7 29. Qh5+ Kg8 30. Bh6 Red8 31. Bg7 Rd2+ 32. Kf1 Nxg7 33. Qg4
Kf8 34. Qxg7+ Ke8 35. e6 1-0

[Event "XI Open"]
[Site "Crema ITA"]
[Date "2009.09.05"]
[Round "4"]
[White "Bongiorni, Gabriele"]
[Black "Marchesotti, Giovanni"]
[Result "1-0"]
[WhiteElo "1792"]
[BlackElo "1643"]
[PlyCount "91"]
[EventDate "2009.09.04"]

1. d4 Nf6 2. c4 e6 3. Nc3 Bb4 4. a3 Bxc3+ 5. bxc3 c5 6. Nf3 O-O 7. Qc2 d5 8.
Bg5 cxd4 9. cxd4 Qa5+ 10. Bd2 Qc7 11. e3 dxc4 12. Qxc4 Qxc4 13. Bxc4 Bd7 14.
Ne5 Ba4 15. Rb1 Nc6 16. Nxc6 Bxc6 17. Bb4 Rfc8 18. Be7 Be4 19. Rb4 b5 20. Be2
Rc1+ 21. Bd1 Nd5 22. f3 Nxb4 23. axb4 Bc2 24. Kd2 Rxd1+ 25. Rxd1 Bxd1 26. Kxd1
a5 27. Kc2 axb4 28. Kb2 Ra3 29. e4 Re3 30. Bxb4 Re2+ 31. Kb3 Rxg2 32. d5 exd5
33. exd5 Re2 34. d6 Re3+ 35. Kc2 Re8 36. Kd3 f6 37. Kd4 Kf7 38. Kd5 Rc8 39. d7
Rd8 40. Kd6 Ra8 41. Kc7 Ra7+ 42. Kc8 Ra8+ 43. Kb7 Ra4 44. d8=Q Rxb4 45. Qd7+
Kg6 46. Qd3+ 1-0

[Event "XI Open"]
[Site "Crema ITA"]
[Date "2009.09.05"]
[Round "4"]
[White "Borboni, Paolo"]
[Black "Christen, Peter Walter"]
[Result "1/2-1/2"]
[WhiteElo "1750"]
[BlackElo "1420"]
[PlyCount "48"]
[EventDate "2009.09.04"]

1. d4 e6 2. c4 d5 3. Nc3 Nf6 4. cxd5 Nxd5 5. e4 Nxc3 6. bxc3 c5 7. Nf3 cxd4 8.
cxd4 Bb4+ 9. Bd2 Bxd2+ 10. Qxd2 O-O 11. Bc4 b6 12. d5 Ba6 13. Bxa6 Nxa6 14.
dxe6 Qxd2+ 15. Nxd2 fxe6 16. O-O Rfd8 17. Nb3 Rd3 18. Rad1 Rad8 19. Rxd3 Rxd3
20. Nc1 Rd2 21. f3 Nb4 22. Rf2 Rd1+ 23. Rf1 Rd2 24. Rf2 Rd1+ 1/2-1/2

[Event "XI Open"]
[Site "Crema ITA"]
[Date "2009.09.05"]
[Round "4"]
[White "Calvi, Luca"]
[Black "Scovazzi, Tullio"]
[Result "0-1"]
[WhiteElo "1622"]
[BlackElo "1651"]
[PlyCount "116"]
[EventDate "2009.09.04"]

1. d4 d5 2. c4 dxc4 3. e4 c5 4. d5 e6 5. Bxc4 exd5 6. exd5 Bd6 7. Nf3 Nf6 8.
Nc3 a6 9. O-O O-O 10. Bg5 b5 11. Bb3 Re8 12. Re1 Nbd7 13. Bc2 Qc7 14. Ne4 Nxe4
15. Bxe4 Bb7 16. Qc2 h6 17. Be3 Rac8 18. h3 Nf6 19. Bf5 Rcd8 20. Bxh6 gxh6 21.
Qd2 Bf8 22. Qc3 Nxd5 23. Qc2 Nf6 24. Rxe8 Rxe8 25. Qc3 Bg7 26. Bc2 Bxf3 27.
Qxf3 Qe5 28. Rd1 Qe2 29. Qxe2 Rxe2 30. Rd8+ Re8 31. Rxe8+ Nxe8 32. b3 Nd6 33.
Kf1 Kf8 34. Ke2 Ke7 35. g4 Ke6 36. f4 Kd5 37. a4 Kd4 38. axb5 axb5 39. f5 Kc3
40. Bd1 Ne4 41. Ke3 Nd2 42. h4 Nxb3 43. g5 hxg5 44. hxg5 Nd4 45. f6 Bf8 46. Bh5
Ne6 47. Bxf7 Nxg5 48. Be8 b4 49. Kf4 Ne6+ 50. Ke5 Nd4 51. Kd5 b3 52. Bg6 b2 53.
Bb1 Nc2 54. f7 Na3 55. Ba2 b1=Q 56. Bxb1 Nxb1 57. Ke4 c4 58. Ke3 Kb2 0-1

[Event "XI Open"]
[Site "Crema ITA"]
[Date "2009.09.05"]
[Round "4"]
[White "Cantoro, Daniele"]
[Black "Foglia, Maurizio"]
[Result "0-1"]
[WhiteElo "1961"]
[BlackElo "2147"]
[PlyCount "97"]
[EventDate "2009.09.04"]

1. d4 d5 2. Bg5 c6 3. Nf3 h6 4. Bh4 Bf5 5. e3 Qb6 6. Qc1 Nd7 7. Be2 Ngf6 8.
Nbd2 e6 9. c4 Be7 10. Ne5 Nxe5 11. dxe5 Nd7 12. Bxe7 Kxe7 13. Qc3 a5 14. O-O
Qb4 15. cxd5 cxd5 16. Qd4 Rhc8 17. Rac1 Nc5 18. Rc3 Qxd4 19. exd4 Na4 20. Rb3
Rc2 21. Rxb7+ Kf8 22. Bd1 Rxb2 23. Rxb2 Nxb2 24. Nb3 Bd3 25. Re1 Nxd1 26. Rxd1
Bc2 27. Ra1 a4 28. Nc5 Kg8 29. Kf1 Rb8 30. Ke2 Rb2 31. a3 g5 32. Kd2 Bb3+ 33.
Ke3 Kg7 34. g3 g4 35. Nd3 Rc2 36. Nc5 Rc3+ 37. Ke2 Kg6 38. Rb1 Bc4+ 39. Ke1
Rxa3 40. Rb8 Ra1+ 41. Kd2 Ra2+ 42. Kc3 Rxf2 43. Nd7 Rf3+ 44. Kc2 a3 45. Nf6 a2
46. Rg8+ Kf5 47. Ne8 Ke4 48. Nd6+ Kxd4 49. Nxc4 0-1

[Event "XI Open"]
[Site "Crema ITA"]
[Date "2009.09.05"]
[Round "4"]
[White "Cappa, Enrico"]
[Black "Raffaldi, Fabrizio"]
[Result "1-0"]
[WhiteElo "1529"]
[BlackElo "1760"]
[PlyCount "39"]
[EventDate "2009.09.04"]

1. e4 c6 2. d4 d5 3. exd5 cxd5 4. c4 e6 5. c5 Nf6 6. b4 Be7 7. Nf3 O-O 8. Nc3
b6 9. Rb1 a5 10. a3 axb4 11. axb4 bxc5 12. bxc5 Nc6 13. Rb6 Bd7 14. Bb5 Rc8 15.
O-O Ne4 16. Bb2 f6 17. Re1 Nxc3 18. Bxc3 Qc7 19. Bxc6 Bxc6 20. Rxe6 1-0

[Event "XI Open"]
[Site "Crema ITA"]
[Date "2009.09.05"]
[Round "4"]
[White "Carbone, Lorenzo"]
[Black "Adami, Antonio"]
[Result "1-0"]
[WhiteElo "1812"]
[BlackElo "1617"]
[PlyCount "89"]
[EventDate "2009.09.04"]

1. e4 c5 2. Nf3 d6 3. d4 cxd4 4. Nxd4 Nf6 5. Nc3 a6 6. Be2 e6 7. Be3 Be7 8. O-O
O-O 9. f4 Nc6 10. Nb3 Qc7 11. a3 b5 12. Qe1 b4 13. axb4 Nxb4 14. Bd3 Nxd3 15.
cxd3 Rb8 16. Qd1 Rd8 17. Rc1 Qb7 18. Nd4 e5 19. fxe5 dxe5 20. Nf5 Bxf5 21. Rxf5
Qxb2 22. Rxe5 Bb4 23. Rc2 Qb3 24. Nd5 Nxd5 25. Rxd5 Rxd5 26. Rc8+ Rxc8 27. Qxb3
Rb5 28. Qa4 Rc6 29. d4 Ba5 30. d5 Rb1+ 31. Kf2 Rb2+ 32. Kf3 Rf6+ 33. Kg3 Bc7+
34. Kh3 Rb8 35. Qd7 Bd6 36. g3 h6 37. Bd4 Rg6 38. e5 Bb4 39. Qc7 Rb5 40. e6 Kh7
41. Qxf7 Rxd5 42. e7 Bxe7 43. Qxd5 Ba3 44. Qe4 Bc1 45. Kh4 1-0

[Event "XI Open"]
[Site "Crema ITA"]
[Date "2009.09.05"]
[Round "4"]
[White "Carletti, Davide"]
[Black "Oteri, Aldo"]
[Result "0-1"]
[WhiteElo "1497"]
[BlackElo "1830"]
[PlyCount "42"]
[EventDate "2009.09.04"]

1. e4 e6 2. d4 d5 3. exd5 exd5 4. Bd3 Bd6 5. Nf3 Ne7 6. h3 O-O 7. O-O Nbc6 8.
c3 Bf5 9. Re1 Bxd3 10. Qxd3 Ng6 11. Nbd2 Nf4 12. Qc2 Qf6 13. Nh2 Rfe8 14. Rxe8+
Rxe8 15. Ndf3 Re2 16. Qd1 Nxh3+ 17. Kf1 Rxf2+ 18. Ke1 Bxh2 19. Nxh2 Qe6+ 20.
Be3 Qxe3+ 21. Qe2 Qxe2# 0-1

[Event "XI Open"]
[Site "Crema ITA"]
[Date "2009.09.05"]
[Round "4"]
[White "Casale, Anania"]
[Black "Casartelli, Fabio"]
[Result "0-1"]
[WhiteElo "1694"]
[BlackElo "1908"]
[PlyCount "114"]
[EventDate "2009.09.04"]

1. d4 Nf6 2. c4 e5 3. dxe5 Ng4 4. Nf3 Nc6 5. e3 Ngxe5 6. Nc3 d6 7. Be2 g6 8.
O-O Bg7 9. a3 Be6 10. Nd5 O-O 11. Nxe5 Nxe5 12. e4 c6 13. Ne3 Qc7 14. Rb1 Rad8
15. b4 a6 16. Bb2 f5 17. f4 Ng4 18. Nxg4 fxg4 19. g3 Qb6+ 20. Kg2 h5 21. Bxg7
Kxg7 22. Rb3 d5 23. c5 Qc7 24. Qa1+ Kh7 25. f5 gxf5 26. exf5 Bxf5 27. Rxf5 Rxf5
28. Bd3 Rdf8 29. Rb2 Qe5 30. Qb1 Kg7 31. Re2 Qf6 32. Bxf5 Qxf5 33. Re7+ Kf6 34.
Qxf5+ Kxf5 35. Kf2 Kf6 36. Rxb7 Ke5+ 37. Ke2 Rf3 38. Rc7 Rxa3 39. Rxc6 Kd4 40.
Rh6 Ra2+ 41. Kd1 Kd3 42. Kc1 Kc3 43. Kd1 Kxb4 44. c6 Ra5 45. Rxh5 Rc5 46. Rg5
Rxc6 47. Rxg4+ Kc3 48. Ra4 d4 49. h4 d3 50. Ra3+ Kd4 51. g4 Ke3 52. g5 Rb6 53.
Ra1 Rb4 54. h5 Rh4 55. Kc1 Rh1+ 56. Kb2 Rxa1 57. Kxa1 d2 0-1

[Event "XI Open"]
[Site "Crema ITA"]
[Date "2009.09.05"]
[Round "4"]
[White "Castrogiovanni, Carlo"]
[Black "Rotoni, Matteo"]
[Result "1/2-1/2"]
[WhiteElo "2018"]
[BlackElo "2176"]
[PlyCount "72"]
[EventDate "2009.09.04"]

1. d4 d5 2. c4 Nc6 3. cxd5 Qxd5 4. Nf3 e5 5. Nc3 Bb4 6. Bd2 Bxc3 7. Bxc3 e4 8.
Ne5 e3 9. f3 Nxe5 10. dxe5 Ne7 11. Qd3 Qxd3 12. exd3 Bf5 13. d4 O-O-O 14. Bc4
Be6 15. b3 Nf5 16. Rd1 c6 17. Ke2 h5 18. g3 Rd7 19. Bd3 Nxd4+ 20. Bxd4 Rxd4 21.
Kxe3 Rhd8 22. Bc2 Rxd1 23. Rxd1 Rxd1 24. Bxd1 a5 25. f4 g6 26. Kd4 Kc7 27. Be2
b6 28. Bc4 Kd7 29. a3 Ke7 30. a4 Bd7 31. Bd3 Bg4 32. Be4 Kd7 33. Bd3 Be6 34.
Bc4 Ke7 35. Kc3 Bd7 36. Kd4 Be8 1/2-1/2

[Event "XI Open"]
[Site "Crema ITA"]
[Date "2009.09.05"]
[Round "4"]
[White "Cecchini, Massimo S."]
[Black "Sperli', Maurizio"]
[Result "1-0"]
[WhiteElo "1821"]
[BlackElo "1562"]
[PlyCount "113"]
[EventDate "2009.09.04"]

1. d4 Nf6 2. c4 e6 3. Nf3 d5 4. Nc3 c6 5. e3 Nbd7 6. cxd5 exd5 7. Bd3 Bb4 8.
O-O O-O 9. Bd2 Bd6 10. Rc1 Re8 11. Qc2 Qe7 12. Rfe1 Ne4 13. g3 Ndf6 14. Nh4 Bh3
15. Ng2 Ng5 16. Be2 Qd7 17. Nf4 Bf5 18. Qd1 Bxf4 19. exf4 Nge4 20. f3 Nxc3 21.
Bxc3 Bh3 22. Bd3 Rxe1+ 23. Qxe1 Re8 24. Qf2 h6 25. Re1 Rxe1+ 26. Qxe1 Bf5 27.
Bf1 h5 28. Bb4 Qe6 29. Qxe6 Bxe6 30. Bd3 g6 31. Kf2 b6 32. a3 Nd7 33. Ke3 c5
34. dxc5 bxc5 35. Ba5 f5 36. Bb5 Nb6 37. Kd3 Kf7 38. Bd2 Ke7 39. Bc3 Kd6 40.
Be8 d4 41. Bd2 Bc4+ 42. Kc2 Be2 43. Bxg6 d3+ 44. Kc3 Nd5+ 45. Kc4 Nb6+ 46. Kb5
Nd5 47. Bxf5 Nc7+ 48. Kc4 a6 49. g4 Bxf3 50. g5 Bd5+ 51. Kxd3 Ke7 52. h4 Ne8
53. Bg6 Bf3 54. Be4 c4+ 55. Ke3 Bg4 56. f5 Nd6 57. Bb4 1-0

[Event "XI Open"]
[Site "Crema ITA"]
[Date "2009.09.05"]
[Round "4"]
[White "Colombo, Luca"]
[Black "Ranfagni, Stefano"]
[Result "1-0"]
[WhiteElo "1850"]
[BlackElo "2025"]
[PlyCount "28"]
[EventDate "2009.09.04"]

1. e4 e5 2. Nf3 Nf6 3. Nxe5 d6 4. Nf3 Nxe4 5. Nc3 Nxc3 6. dxc3 Bg4 7. Be3 Nc6
8. h3 Bh5 9. Qd5 Bg6 10. O-O-O Qd7 11. Bb5 a6 12. Ne5 axb5 13. Nxd7 Kxd7 14. h4
h5 1-0

[Event "XI Open"]
[Site "Crema ITA"]
[Date "2009.09.05"]
[Round "4"]
[White "De Paoli, Emilio"]
[Black "Bozzali, Ermanno"]
[Result "0-1"]
[WhiteElo "1914"]
[BlackElo "2090"]
[PlyCount "88"]
[EventDate "2009.09.04"]

1. d4 f5 2. Bg5 h6 3. Bh4 g5 4. e4 Bg7 5. Qh5+ Kf8 6. e5 Qe8 7. Qf3 Qf7 8. Na3
gxh4 9. Bc4 e6 10. O-O-O Ne7 11. Nh3 h5 12. Kb1 Bh6 13. Nf4 Bxf4 14. Qxf4 Rg8
15. Be2 Qg6 16. Nb5 Na6 17. Qxh4 Qg5 18. Qxh5 Qxh5 19. Bxh5 Rxg2 20. f3 Nb4 21.
Nxc7 Rb8 22. Ne8 Nxc2 23. Nd6 b6 24. Rhg1 Rxg1 25. Rxg1 Nxd4 26. f4 Bb7 27. Rg3
Be4+ 28. Kc1 Nd5 29. Rh3 Nxf4 30. Rh4 Nd3+ 31. Kd1 Nxe5 32. Nxe4 fxe4 33. Rxe4
Ndc6 34. b4 b5 35. h4 Ke7 36. Be2 d5 37. Re3 d4 38. Rh3 d3 39. Bxd3 Nxd3 40.
Rxd3 Nxb4 41. Ra3 a6 42. Ra5 Rh8 43. a3 Nd5 44. Rxa6 Rxh4 0-1

[Event "XI Open"]
[Site "Crema ITA"]
[Date "2009.09.05"]
[Round "4"]
[White "Distratis, Gianluca"]
[Black "Salami, Marco"]
[Result "1-0"]
[WhiteElo "1926"]
[BlackElo "2172"]
[PlyCount "161"]
[EventDate "2009.09.04"]

1. e4 e6 2. d4 d5 3. Nd2 Nf6 4. e5 Nfd7 5. Bd3 b6 6. Qe2 c5 7. c3 Nc6 8. Ngf3
cxd4 9. cxd4 Nb4 10. O-O a5 11. Re1 Nxd3 12. Qxd3 Ba6 13. Qe3 Qc7 14. Nf1 Qc2
15. Ng3 Bb4 16. Nd2 Qd3 17. a3 Be7 18. Nf3 Qg6 19. Bd2 h5 20. h3 Bd3 21. Rac1
h4 22. Ne2 Be4 23. Nf4 Qh7 24. Ne2 Qh5 25. Ng5 Bf5 26. Rc7 Bd8 27. Rc6 Bxg5 28.
Qxg5 Qxg5 29. Bxg5 Rh5 30. Bd2 Kd8 31. Rec1 Rh7 32. Nc3 Bd3 33. Nd1 Ba6 34. Ne3
Bb5 35. Rc7 Ba6 36. R7c6 Bb5 37. Rc7 f6 38. Ng4 Bc4 39. Rc6 Ke7 40. exf6+ gxf6
41. Re1 Nf8 42. Rxb6 Bd3 43. Bh6 Bf5 44. Bxf8+ Kxf8 45. Nxf6 Rc7 46. g4 hxg3
47. fxg3 Kf7 48. g4 Kxf6 49. gxf5 Rg8+ 50. Kf1 Kxf5 51. Rbxe6 Rc2 52. R1e5+ Kf4
53. Rf6+ Kg3 54. Re3+ Kh4 55. Rf4+ Kh5 56. Re5+ Kh6 57. Rh4+ Kg6 58. Rg4+ Kf7
59. Rf5+ Ke6 60. Re5+ Kf7 61. Rxg8 Kxg8 62. Rxd5 Rxb2 63. Rxa5 Kf7 64. h4 Rh2
65. h5 Rd2 66. d5 Rh2 67. Ra7+ Kf6 68. h6 Ke5 69. h7 Kxd5 70. Kg1 Rh6 71. Kg2
Ke5 72. a4 Kf4 73. a5 Rg6+ 74. Kf2 Rh6 75. Rf7+ Kg5 76. a6 Kg6 77. Rb7 Rh5 78.
a7 Rf5+ 79. Ke3 Re5+ 80. Kd4 Rh5 81. a8=Q 1-0

[Event "XI Open"]
[Site "Crema ITA"]
[Date "2009.09.05"]
[Round "4"]
[White "Frugoni, Giulio"]
[Black "Bocci, Alessandro"]
[Result "0-1"]
[WhiteElo "1762"]
[BlackElo "1936"]
[PlyCount "83"]
[EventDate "2009.09.04"]

1. Nf3 Nf6 2. d4 g6 3. c4 Bg7 4. Nc3 d6 5. e4 O-O 6. Bg5 c5 7. d5 e6 8. Qd2
exd5 9. cxd5 Bg4 10. Be2 Re8 11. Qf4 Bxf3 12. Bxf3 a6 13. O-O Qe7 14. Rfe1 Nbd7
15. Rad1 b5 16. h4 Qe5 17. g4 Qxf4 18. Bxf4 Ne5 19. Bxe5 Rxe5 20. g5 Nd7 21.
Bg4 Nb6 22. f4 Ree8 23. Rd2 Nc4 24. Rh2 Nxb2 25. Rh3 b4 26. Nb1 c4 27. f5 Nd3
28. Rxd3 cxd3 29. f6 Bf8 30. Bf3 h6 31. Rd1 hxg5 32. hxg5 Re5 33. Rxd3 Rxg5+
34. Kf2 Rc8 35. a3 Rc2+ 36. Be2 Rh5 37. Kf3 Rh3+ 38. Kg4 Rxd3 39. Bxd3 bxa3 40.
Nxa3 Rc3 41. Bxa6 Rxa3 42. Be2 0-1

[Event "XI Open"]
[Site "Crema ITA"]
[Date "2009.09.05"]
[Round "4"]
[White "Gerundino, Nicola"]
[Black "Carletti, Angelo"]
[Result "1-0"]
[WhiteElo "1961"]
[BlackElo "1565"]
[PlyCount "59"]
[EventDate "2009.09.04"]

1. e4 e6 2. d4 d5 3. Nd2 dxe4 4. Nxe4 Nd7 5. Nf3 Ngf6 6. Bg5 Be7 7. Bxf6 Nxf6
8. Bd3 O-O 9. O-O Bd7 10. Ne5 c6 11. c3 Qc7 12. Qe2 Rfd8 13. Nxf6+ Bxf6 14.
Bxh7+ Kxh7 15. Qh5+ Kg8 16. Qxf7+ Kh8 17. Rfe1 Bg5 18. Rad1 Bh6 19. Rd3 Qd6 20.
Rh3 Rg8 21. Qxd7 Qxd7 22. Nxd7 Rge8 23. g4 Kg8 24. Rxh6 gxh6 25. Nf6+ Kf7 26.
Nxe8 Rxe8 27. Kg2 Kg6 28. f4 b6 29. Kg3 Kf6 30. f5 1-0

[Event "XI Open"]
[Site "Crema ITA"]
[Date "2009.09.05"]
[Round "4"]
[White "Giannetta, Paolo"]
[Black "Pagano, Davide"]
[Result "1-0"]
[WhiteElo "1931"]
[BlackElo "1563"]
[PlyCount "71"]
[EventDate "2009.09.04"]

1. Nf3 Nf6 2. c4 c5 3. g3 g6 4. Bg2 Bg7 5. Nc3 O-O 6. O-O Nc6 7. d4 cxd4 8.
Nxd4 e6 9. Ndb5 Ne8 10. c5 a6 11. Nd6 Qa5 12. Be3 Bxc3 13. bxc3 Qxc3 14. Rc1
Qa5 15. Bh6 Ng7 16. Rc4 Ne5 17. Qd4 f6 18. Ra4 Qc7 19. Rc1 Nf7 20. Bxg7 Kxg7
21. Qd2 Rb8 22. Rh4 g5 23. Rd4 b6 24. c6 dxc6 25. Rxc6 Qe7 26. Nxf7 Rxf7 27.
Rdd6 b5 28. h4 h6 29. Bh3 f5 30. hxg5 Qxg5 31. Qc3+ Qf6 32. Rxc8 Rxc8 33. Qxc8
Qa1+ 34. Kg2 Qxa2 35. Rxa6 Qd5+ 36. f3 1-0

[Event "XI Open"]
[Site "Crema ITA"]
[Date "2009.09.05"]
[Round "4"]
[White "Gonella, Daniele"]
[Black "Leoni, Livio"]
[Result "1-0"]
[WhiteElo "1827"]
[BlackElo "2017"]
[PlyCount "107"]
[EventDate "2009.09.04"]

1. e4 c5 2. c3 d5 3. exd5 Qxd5 4. d4 g6 5. Nf3 Bg7 6. dxc5 Qxd1+ 7. Kxd1 Nf6 8.
h3 Nbd7 9. Bb5 O-O 10. c6 bxc6 11. Bxc6 Rb8 12. Re1 Rd8 13. Nbd2 e6 14. Kc2 Ba6
15. Nb3 Rbc8 16. Bxd7 Rxd7 17. Ne5 Rdc7 18. Bd2 Nd5 19. Rad1 Bxe5 20. Rxe5 Nb4+
21. Kb1 Bd3+ 22. Ka1 Nc2+ 23. Kb1 Ne3+ 24. Kc1 Nxd1 25. Kxd1 Bc4 26. Ra5 Rb7
27. Kc2 Bxb3+ 28. axb3 f6 29. Be3 Rcc7 30. Ra6 Kf7 31. c4 h5 32. Kc3 e5 33. b4
f5 34. g3 Rd7 35. c5 Rbc7 36. b5 g5 37. c6 f4 38. Bxa7 e4 39. Bd4 e3 40. fxe3
fxg3 41. Ra1 Ke6 42. Rf1 Rd5 43. Kc4 Rf5 44. Rg1 h4 45. e4 Rf4 46. e5 g4 47.
hxg4 Rxg4 48. Kc5 h3 49. b6 Rxc6+ 50. Kxc6 Rxd4 51. Rxg3 Rc4+ 52. Kb5 h2 53.
Rh3 Rc2 54. b4 1-0

[Event "XI Open"]
[Site "Crema ITA"]
[Date "2009.09.05"]
[Round "4"]
[White "Gonella, Graziano"]
[Black "Guglielmetti, Oscar"]
[Result "0-1"]
[WhiteElo "1152"]
[BlackElo "1817"]
[PlyCount "69"]
[EventDate "2009.09.04"]

1. e4 e5 2. Nf3 Nc6 3. d4 exd4 4. Nxd4 Qf6 5. Nxc6 Bc5 6. Be3 Bxe3 7. fxe3 Qxc6
8. Nc3 a6 9. Qg4 g6 10. Bd3 d6 11. Qf3 Be6 12. O-O O-O-O 13. Rad1 Nh6 14. Qf6
Ng4 15. Qf3 Qb6 16. Nd5 Bxd5 17. exd5 Qxe3+ 18. Kh1 Qxf3 19. gxf3 Ne3 20. Rfe1
Nxd1 21. Rxd1 f5 22. f4 Rde8 23. Rd2 Re1+ 24. Kg2 Rhe8 25. Kf2 b5 26. c4 bxc4
27. Bxc4 Kb7 28. Re2 R1xe2+ 29. Bxe2 Kb6 30. Kf3 Re4 31. b3 h5 32. h4 Rd4 33.
Bc4 Rd2 34. Kg3 a5 35. b4 0-1

[Event "XI Open"]
[Site "Crema ITA"]
[Date "2009.09.05"]
[Round "4"]
[White "Madaschi, Sergio"]
[Black "Arena, Piermario"]
[Result "0-1"]
[WhiteElo "1576"]
[BlackElo "1900"]
[PlyCount "47"]
[EventDate "2009.09.04"]

1. e4 d5 2. exd5 Qxd5 3. Nc3 Qa5 4. d4 Nf6 5. Bd2 c6 6. Bd3 Qc7 7. h3 e6 8. Nf3
Bd6 9. O-O O-O 10. Re1 Nbd7 11. Qe2 a6 12. Ne5 c5 13. Nxd7 Bxd7 14. dxc5 Bxc5
15. Ne4 Nxe4 16. Bxe4 f5 17. Bf3 Rae8 18. Bc3 Bd6 19. Qd1 Bb5 20. Qd2 Bf4 21.
Qd4 Rd8 22. Qb4 Bd6 23. Qh4 Be7 24. Be5 0-1

[Event "XI Open"]
[Site "Crema ITA"]
[Date "2009.09.05"]
[Round "4"]
[White "Mattia, Ermanno"]
[Black "Caramaschi, Vincenzo"]
[Result "0-1"]
[WhiteElo "1725"]
[BlackElo "1646"]
[PlyCount "86"]
[EventDate "2009.09.04"]

1. e4 e5 2. Nf3 Nc6 3. d4 Nxd4 4. Nxe5 Ne6 5. Be3 Nf6 6. Nc3 Bb4 7. Bd3 d6 8.
Nf3 Nc5 9. Bxc5 Bxc3+ 10. bxc3 dxc5 11. Rb1 c6 12. O-O O-O 13. Qd2 b5 14. e5
Nd5 15. c4 Nb4 16. cxb5 Nxd3 17. cxd3 cxb5 18. Rxb5 Ba6 19. Rxc5 Bxd3 20. Rfc1
Rb8 21. Ne1 Bg6 22. Qe3 Rb2 23. a3 Qb6 24. a4 a5 25. Qc3 Qb4 26. Rxa5 Qxc3 27.
Rxc3 Rd8 28. Rac5 Rb1 29. Re3 h5 30. h4 Rdd1 31. Kh2 Rxe1 32. Ra3 Ra1 33. Rxa1
Rxa1 34. a5 Bd3 35. Kg3 g6 36. Kf4 Ra4+ 37. Ke3 Ba6 38. g3 Rb4 39. Rc6 Rb3+ 40.
Kf4 Bb7 41. Rc5 Rb4+ 42. Kg5 Kg7 43. Rc7 Rg4# 0-1

[Event "XI Open"]
[Site "Crema ITA"]
[Date "2009.09.05"]
[Round "4"]
[White "Mussap, Angelo"]
[Black "Cervini, Ernesto"]
[Result "1-0"]
[WhiteElo "2045"]
[BlackElo "1822"]
[PlyCount "59"]
[EventDate "2009.09.04"]

1. e4 c5 2. Nf3 Nc6 3. Nc3 d6 4. Bc4 e6 5. d4 cxd4 6. Nxd4 a6 7. Be3 Be7 8. Qd2
Ne5 9. Be2 b5 10. f4 Nc4 11. Bxc4 bxc4 12. Nc6 Qc7 13. Nxe7 Kxe7 14. O-O-O Bb7
15. e5 d5 16. f5 h6 17. Na4 Ke8 18. fxe6 fxe6 19. Nc5 Bc8 20. Qe2 Ne7 21. Qh5+
g6 22. Qg4 Qxe5 23. Bd4 Qc7 24. Nxe6 Qc6 25. Rhe1 h5 26. Qg5 Bxe6 27. Bxh8 Kd7
28. Bf6 Qd6 29. Bxe7 Qxe7 30. Rxd5+ 1-0

[Event "XI Open"]
[Site "Crema ITA"]
[Date "2009.09.05"]
[Round "4"]
[White "Ornaghi, Giovanni"]
[Black "Delle Fave, Fabio"]
[Result "1/2-1/2"]
[WhiteElo "1568"]
[BlackElo "1774"]
[PlyCount "67"]
[EventDate "2009.09.04"]

1. e4 c6 2. d4 d5 3. e5 Bf5 4. g4 Bd7 5. Nc3 e6 6. Be3 Bb4 7. Qd3 Ne7 8. O-O-O
Qa5 9. Nge2 c5 10. f4 c4 11. Qd2 Nbc6 12. Bh3 g6 13. f5 exf5 14. gxf5 Bxf5 15.
Bxf5 Nxf5 16. Kb1 Qb6 17. Bf2 O-O-O 18. Nf4 Nce7 19. Rhe1 Rhe8 20. h4 Ng7 21.
Nh3 Ne6 22. Ng5 Nxg5 23. hxg5 Nf5 24. Rh1 Rh8 25. Rh3 h5 26. gxh6 Rxh6 27. Rxh6
Nxh6 28. Qxh6 Bxc3 29. Qh3+ Kb8 30. Qxc3 Rh8 31. Bg3 Qe6 32. Qb4 Qg4 33. Qd6+
Kc8 34. Qc5+ 1/2-1/2

[Event "XI Open"]
[Site "Crema ITA"]
[Date "2009.09.05"]
[Round "4"]
[White "Paglia, Angelo"]
[Black "Tagliaferri, Valerio"]
[Result "0-1"]
[WhiteElo "1615"]
[BlackElo "1860"]
[PlyCount "52"]
[EventDate "2009.09.04"]

1. d4 d5 2. c4 c6 3. Nc3 Nf6 4. cxd5 cxd5 5. Bf4 Bf5 6. e3 Nc6 7. Nf3 e6 8. Bb5
Bd6 9. Bxc6+ bxc6 10. Bxd6 Qxd6 11. Ne5 O-O 12. g4 Bg6 13. h4 h6 14. Nxg6 fxg6
15. g5 Nd7 16. h5 e5 17. gxh6 gxh6 18. hxg6 Qxg6 19. Qd2 Qg2 20. O-O-O Rxf2 21.
Qd3 e4 22. Qb1 Kh7 23. Rdg1 Qf3 24. Nd1 Rf8 25. Nxf2 Qxe3+ 26. Kd1 Rxf2 0-1

[Event "XI Open"]
[Site "Crema ITA"]
[Date "2009.09.05"]
[Round "4"]
[White "Poletti, Fausto"]
[Black "Agnelli, Francesco"]
[Result "0-1"]
[WhiteElo "1902"]
[BlackElo "2051"]
[PlyCount "84"]
[EventDate "2009.09.04"]

1. e4 c5 2. Nc3 Nc6 3. g3 g6 4. Bg2 Bg7 5. d3 d6 6. f4 e6 7. Nf3 Nge7 8. O-O
O-O 9. Ne2 Rb8 10. c3 b5 11. Be3 a5 12. Qd2 a4 13. Rab1 Qa5 14. Rfd1 Rd8 15. d4
Ba6 16. d5 exd5 17. exd5 Na7 18. Rbc1 Nac8 19. b3 b4 20. c4 Nf5 21. Bf2 h5 22.
h3 Nce7 23. g4 hxg4 24. hxg4 Nh6 25. Nh2 Bc8 26. Bf3 Re8 27. Qd3 Bd7 28. Ng3
axb3 29. axb3 Qd8 30. Ne4 Nc8 31. Ng3 Ra8 32. Rc2 Ra3 33. Rb1 Ne7 34. Re2 Nc8
35. Rxe8+ Qxe8 36. Re1 Qd8 37. Bd1 Bc3 38. Rf1 Ra2 39. Qf3 Qe7 40. f5 gxf5 41.
gxf5 Qg5 42. Kh1 Bxf5 0-1

[Event "XI Open"]
[Site "Crema ITA"]
[Date "2009.09.05"]
[Round "4"]
[White "Raimondi, Giorgio"]
[Black "Brioschi, Camillo"]
[Result "0-1"]
[WhiteElo "1428"]
[BlackElo "1826"]
[PlyCount "32"]
[EventDate "2009.09.04"]

1. e4 e5 2. Nf3 Nc6 3. Bc4 Nf6 4. Ng5 d5 5. exd5 Na5 6. Bb5+ c6 7. dxc6 bxc6 8.
Ba4 h6 9. Nf3 e4 10. Ng1 Qd4 11. Nc3 Bc5 12. Qe2 O-O 13. h3 a6 14. Qe3 Qc4 15.
d3 exd3 16. Qxd3 Qe6+ 0-1

[Event "XI Open"]
[Site "Crema ITA"]
[Date "2009.09.05"]
[Round "4"]
[White "Rota, Simone"]
[Black "Pinna, Ferdinando"]
[Result "1/2-1/2"]
[WhiteElo "2025"]
[BlackElo "1818"]
[PlyCount "59"]
[EventDate "2009.09.04"]

1. d4 Nf6 2. Nf3 g6 3. g3 d5 4. Bg2 Bg7 5. O-O O-O 6. Nbd2 Bf5 7. Nh4 Bg4 8. h3
Bd7 9. c3 e6 10. Nhf3 Qe7 11. Ne5 c5 12. Ndf3 cxd4 13. Nxd4 Nc6 14. Ndxc6 Bxc6
15. Be3 Nd7 16. Nd3 Rfe8 17. Rc1 b5 18. Qb3 a5 19. a3 Qd6 20. Rfd1 Rac8 21. Ne1
Ne5 22. Bf4 Qe7 23. Bxe5 Bxe5 24. Nf3 Bg7 25. e3 Qb7 26. Nd4 Rc7 27. Bf1 Rb8
28. Nc2 Qc8 29. Qa2 Bd7 30. Qb1 1/2-1/2

[Event "XI Open"]
[Site "Crema ITA"]
[Date "2009.09.05"]
[Round "4"]
[White "Scarabelli, Maurizio"]
[Black "Cautiero, Pietro"]
[Result "0-1"]
[WhiteElo "1889"]
[BlackElo "1679"]
[PlyCount "90"]
[EventDate "2009.09.04"]

1. e4 a6 2. Nf3 e6 3. d4 d5 4. e5 c5 5. c3 Nc6 6. a3 Qb6 7. g3 cxd4 8. cxd4
Nge7 9. Bh3 Ng6 10. O-O Be7 11. Nc3 Qc7 12. Re1 Bd7 13. Bd2 b5 14. Rc1 O-O 15.
Bg2 Qb6 16. Ne2 b4 17. axb4 Nxb4 18. Bc3 Bb5 19. Bxb4 Bxb4 20. Nc3 Rac8 21. Re3
Bd7 22. h4 h6 23. h5 Ne7 24. g4 Qd8 25. Ne1 Nc6 26. Nc2 Be7 27. f4 f6 28. Rf3
f5 29. Bh3 fxg4 30. Bxg4 Qb6 31. Nxd5 exd5 32. Bxd7 Nxd4 33. Kg2 Nxf3 34. Qxd5+
Kh8 35. Qxf3 Rc4 36. f5 Qxb2 37. Qd3 Rg4+ 38. Kf3 Rh4 39. Rg1 Qxe5 40. Rg3 Bd6
41. Kg2 Re4 42. Kh3 Re2 43. Nd4 Qxg3+ 44. Qxg3 Bxg3 45. Kxg3 Rd2 0-1